|
|
|
|
| LEADER |
00000nam0a2200000 4500 |
| 001 |
97350 |
| 005 |
20231031110905.0 |
| 020 |
|
|
|a RU
|b 87-69097
|
| 035 |
|
|
|a (RuTPU)RU\TPU\book\104349
|
| 090 |
|
|
|a 97350
|
| 100 |
|
|
|a 20060525d1987 k y0rusy5003 ca
|
| 101 |
0 |
|
|a rus
|
| 102 |
|
|
|a UA
|
| 105 |
|
|
|a a z 001zy
|
| 200 |
1 |
|
|a Оптимальный синтез автономных инверторов с амплитудно-импульсной модуляцией
|f В. Е. Тонкаль, Э. Н. Гречко, Ю. Е. Кулешов
|g АН УССР, Ин-т электродинамики
|
| 210 |
|
|
|a Киев
|c Наук. думка
|d 1987
|
| 215 |
|
|
|a 220 с.
|c ил.
|d 22 см
|
| 320 |
|
|
|a Библиогр.: с. 214-218 (119 назв.).
|
| 610 |
1 |
|
|a преобразовательная техника
|
| 610 |
1 |
|
|a полупроводниковые инверторы
|
| 610 |
1 |
|
|a синтез
|
| 610 |
1 |
|
|a автономные инверторы
|
| 610 |
1 |
|
|a электрические цепи
|
| 610 |
1 |
|
|a оптимизация
|
| 610 |
1 |
|
|a схемы
|
| 610 |
1 |
|
|a практическое применение
|
| 675 |
|
|
|a 621.314.57
|z rus
|v 3
|
| 700 |
|
1 |
|a Тонкаль
|b В. Е.
|g Владимир Ефимович
|4 070
|
| 701 |
|
1 |
|a Гречко
|b Э. Н.
|g Эдуард Никитович
|
| 701 |
|
1 |
|a Кулешов
|b Ю. Е.
|g Юрий Евгеньевич
|
| 702 |
|
1 |
|a Колесниченко
|b А. Ф.
|4 340
|
| 712 |
0 |
2 |
|a Академия наук Украинской ССР (АН УССР)
|b Институт электродинамики (ИЭД)
|c (Киев)
|c (1963-1991)
|2 stltpush
|3 (RuTPU)RU\TPU\col\12436
|
| 801 |
|
0 |
|a RU
|b RuMRKP
|c 19950417
|g psbo
|
| 801 |
|
1 |
|a RU
|b 63413507
|c 20060525
|g PSBO
|
| 801 |
|
2 |
|a RU
|b 63413507
|c 20090112
|g PSBO
|
| 942 |
|
|
|c BK
|